000 00518nam a2200169 a 4500
001 4868
003 CO-ViMGA
008 141112s2004 ck r 000 u spa d
040 _aCO-ViMGA
_bspa
_cCO-ViMGA
082 0 4 _a639.2 O761
100 1 _aOspina Navia, Francisco
_93051
245 1 0 _aManual de pesca comercial y navegación costera :
_bproblemas ecológicos de colombia y el mundo
260 _aSantafé de Bogotá :
_b(FF.MM.),
_c1992
300 _a238 p : il
650 1 4 _aPESCA COMERCIAL
_93052
942 _2ddc
_cBK
999 _c16874
_d16874